000 00807nam#a22002775a#4500
001 3240
003 AR-ClEAG
005 20250404151838.0
008 130902s1909####sp#####f######001#0#spa#d
040 _aAR-ClEAG
_bspa
_cAR-ClEAG
041 1 _aspa
080 _a339(035)
084 _aH41
100 1 _aHeredia, Rafael.
245 1 0 _aManual del comerciante /
_cRafael Heredia.
250 _a2ª ed.
260 _aMadrid :
_bP. Orrier,
_c1909.
300 _a328 p. ;
_c17 cm.
500 _aObra perteneciente a la Colección Histórica de la Biblioteca "Julio Cortázar".
653 _aHistoria del comercio
653 _aComercio moderno
653 _aLegislación mercantil
653 _aCálculos mercantiles
942 _cBK
_2udc
980 _62
_aEvangelina Gallicchio
_82
_gEvangelina Gallicchio
999 _c3240
_d3240